000
00230nam a2200097Ia 4500
008
190216s9999||||xx |||||||||||||| ||und||
100
_a
Wakhar Kar D G
245
0
_a
Manual Of Physical Education
260
_b
Pearl Pub
942
_c
REF
999
_c
35207
_d
35207